00406pab a2200133 454500008004000000100002200040245010400062260000900166300001400175362000800189650001400197700002600211773003500237180718b2009 xxu||||| |||| 00| 0 eng d aSanghera, Balihar aMoral sentiments and economic practices in Kyrgyzstan: the internal embeddedness of a moral economy c2009 ap.921-35. aSep aEconomics aSatyloaldieva, Elmira aCambridge Journal of Economics